000
00278nam a2200121Ia 4500
008
190216s9999||||xx |||||||||||||| ||und||
100
_a
Shankunni T R
245
0
_a
Gavya Sastram
260
_b
Kerala Bhasha Institute
_c
1971
300
_a
248p
650
_a
Zoology
942
_c
BK
999
_c
37826
_d
37826